Statistics for 1st religion in Asia

Click here to take the quiz!

General Stats

  • This quiz has been taken 76 times
  • The average score is 4 of 5

Answer Stats

Religion% Correct
Islam
98%
Christianity
93%
Buddhism
91%
Hinduism
88%
Irreligion
46%

Score Distribution

Percentile by Number Answered

Percent of People with Each Score

Your Score History

You have not taken this quiz